000 00541nam a2200169 a 4500
001 000028058
005 20240320074001.0
008 110406s1997 dr 000 0 spa d
040 _aDO-SdBNP
_bspa
_cBNPHU
082 _axxx
_bA742p
100 1 _aArnaiz, Francisco José
_96960
245 1 0 _aPalabras de agradecimiento /
_cFrancisco José Arnaiz; edición Rafael Bello Peguero.
260 _aSanto Domingo :
_bAmigo del Hogar,
_c1997.
300 _a27 p. ;
_c23 cm.
700 1 _aBello Peguero, Rafael,
_d1932-2022
_eed.
_92405
049 _aBNPD
999 _c27550
_d27550